00869 2200169 4500245005300000020002200053100002200075700001800097650001700115005001900132260003800151041001400189084001000203300002500213500045200238336000900690 aMakna Baru KepahlawanancMutiara LarusatyahText a978-602-9048-44-5 aMutiara Larusatya aEko Praptanto aKepahlawanan a20230927072602 aJakartabArmandelta Selarasc2010 aIndonesia a923.5 aiv, 62 hlm. :cilus. aBuku ini diharapkan dapat membawa generasi muda pada pemahaman makna baru kepahlawanan, yaitu pahlawan yang nantinya akan menjadi pelopor bagi kemajuan bangsa ke arah yang lebih demokratis dan dinamis.Buku ini memiliki pokok pembahasan, seperti Pengertian, Sumber Hukum, dan Kriteria Pahlawan; Memaknai Hari Pahlawan; Mengenal Sosok Pahlawan Wanita Indonesia; Aktualisasi Makna Hari Pahlawan; dan Pahlawan Nasional dan Pahlawan Revolusi Indonesia. atext